00608nam a2200169Ia 4500008004100000020001400041041000800055082001700063100001500080245010600095250000600201260004800207300001300255650001500268999001900283952013600302210716s2000 xx 000 0 und d a521776988 aeng a004.694 MAYP aMay, Paul. aBusiness of ecommerce: from corporate strategy to technology.bFrom corporate strategy to technology. a1 aBangalorebCambridge University Pressc2000 axvii,270 aE-Commerce c186393d186393 00102ddc40738MCAaAIMITbAIMITeSita Book Houseg250.00l0o004.694 MAYPpMCA05901r2025-07-21 00:00:00v200.00w2021-07-16yBK